| 000 | 00354nam a2200133Ia 4500 | ||
|---|---|---|---|
| 008 | 240624s9999 xx 000 0 und d | ||
| 041 | _aeng | ||
| 082 | _a658.15 BRA | ||
| 100 | _aCARRADA BRAVO FRANCISCO | ||
| 245 | _aMANAGING GLOBAL FINANCE IN THE DIGITAL E | ||
| 260 |
_c2003 _aLondon _bPraeger |
||
| 300 | _axvi, : 274 : p. : cm. ; 24 | ||
| 365 |
_c _b26 |
||
| 999 |
_c20653 _d20653 |
||